000 00456nam a2200181Ia 4500
008 090124s9999 xx 000 0 und d
082 _b123051
100 _aसाठे माया
245 _a उर्मिला
250 _a1
260 _c1989
300 _a199
600 _aसाठे माया
630 _a उर्मिला
700 _aसाठे माया
730 _a उर्मिला
942 _cBOOK
999 _c169137
_d169137